UM Logo

New structure of single-switch ultra-high-gain DC/DC converter for renewable energy applications / (Record no. 20074)

MARC details
000 -LEADER
fixed length control field 00766nam a22001817a 4500
003 - CONTROL NUMBER IDENTIFIER
control field OSt
005 - DATE AND TIME OF LATEST TRANSACTION
control field 20251007160940.0
008 - FIXED-LENGTH DATA ELEMENTS--GENERAL INFORMATION
fixed length control field 240405b ||||| |||| 00| 0 eng d
040 ## - CATALOGING SOURCE
Transcribing agency 0
082 ## - DEWEY DECIMAL CLASSIFICATION NUMBER
Classification number DPer 621.381 Ie21 October 2022 v. 37 n. 10
100 ## - MAIN ENTRY--PERSONAL NAME
Personal name Hasanpour, Sara.
Relator term author.
9 (RLIN) 56292
245 ## - TITLE STATEMENT
Title New structure of single-switch ultra-high-gain DC/DC converter for renewable energy applications /
Statement of responsibility, etc. Sara Hasanpour.
260 ## - PUBLICATION, DISTRIBUTION, ETC. (IMPRINT)
Place of publication, distribution, etc. New York ;
Name of publisher, distributor, etc. The Institute of Electrical and Electronics Engineers, Inc. ,
Date of publication, distribution, etc. October 2022.
300 ## - PHYSICAL DESCRIPTION
Extent Volume 37, pages 12715-12728 :
Other physical details illustration ;
Dimensions 28 cm.
500 ## - GENERAL NOTE
General note IEEE Transactions on Power Electronics, v. 37, n. 10, pages 12715-12728, October 2022.
700 ## - ADDED ENTRY--PERSONAL NAME
Personal name Hasanpour, Sara.
Relator term author.
9 (RLIN) 56292
942 ## - ADDED ENTRY ELEMENTS (KOHA)
Source of classification or shelving scheme Dewey Decimal Classification
Koha item type Periodicals
Holdings
Withdrawn status Lost status Source of classification or shelving scheme Damaged status Not for loan Collection code Home library Current library Date acquired Total Checkouts Full call number Date last seen Price effective from Koha item type Public note
    Dewey Decimal Classification     Periodicals UM Digos College - LIC UM Digos College - LIC 04/05/2024   DPer 621.317 Ie21 October 2022 v. 37 n. 10 04/05/2024 04/05/2024 Periodicals Periodical Article